Central Library OPAC University of Rajshahi

Particles and fields : (Record no. 11463)

MARC details
000 -LEADER
fixed length control field 00921cam a2200277 a 4500
001 - CONTROL NUMBER
control field 11463
003 - CONTROL NUMBER IDENTIFIER
rucl marc code BD-RjUL
005 - DATE AND TIME OF LATEST TRANSACTION
control field 20211208235129.0
008 - FIXED-LENGTH DATA ELEMENTS--GENERAL INFORMATION
fixed length control field 140126t1980 caua 001 0 eng d
020 ## - INTERNATIONAL STANDARD BOOK NUMBER
International Standard Book Number 0716712342
International Standard Book Number 0716712334
035 ## - SYSTEM CONTROL NUMBER
System control number (BD-RjUL)11512
040 ## - CATALOGING SOURCE
Original cataloging agency BD-RjUL
Language of cataloging eng
Transcribing agency BD-RjUL
041 ## - LANGUAGE CODE
Language code of text/sound track or separate title eng
082 04 - DEWEY DECIMAL CLASSIFICATION NUMBER
Edition number 16
Classification number 539.721
Author mark and year KAP 1980
100 1# - MAIN ENTRY--PERSONAL NAME
Personal name Kaufmann, William J.
9 (RLIN) 27211
245 00 - TITLE STATEMENT
Title Particles and fields :
Remainder of title readings from Scientific American /
Statement of responsibility, etc. with an introduction by William J. Kaufmann, III.
260 ## - PUBLICATION, DISTRIBUTION, ETC. (IMPRINT)
Place of publication, distribution, etc. San Francisco :
Name of publisher, distributor, etc. W.H. Freeman,
Date of publication, distribution, etc. c1980.
300 ## - PHYSICAL DESCRIPTION
Pagination vi, 139 p. :
Illustrations ill.;
Size 30 cm.
504 ## - BIBLIOGRAPHY, ETC. NOTE
Bibliography, etc Includes bibliographical reference and index.
650 #0 - SUBJECT ADDED ENTRY--TOPICAL TERM
Topical term or geographic name as entry element Particles (Nuclear physics)
Form subdivision Addresses, essays, lectures.
9 (RLIN) 35431
Topical term or geographic name as entry element Quarks.
9 (RLIN) 28457
Topical term or geographic name as entry element Unified field theories.
9 (RLIN) 29814
710 2# - ADDED ENTRY--CORPORATE NAME
Corporate name or jurisdiction name as entry element Scientific American, inc.
9 (RLIN) 35432
942 ## - ADDED ENTRY ELEMENTS (KOHA)
Source of classification or shelving scheme Dewey Decimal Classification
Koha item type Books
Holdings
Lost status Source of classification or shelving scheme Damaged status Not for loan Collection code Permanent Location Current Location Shelving location Date acquired Source of acquisition Cost, normal purchase price Total Checkouts Full call number Date last seen Copy number Koha item type
  Dewey Decimal Classification     Non-fiction Central Library, University of Rajshahi Central Library, University of Rajshahi   12/03/1986 Karim International 23.95   539.721 KAP 1980 26/01/2014 C-2 Books
  Dewey Decimal Classification       Central Library, University of Rajshahi Central Library, University of Rajshahi Reading Room 12/03/1986 Karim International 23.95   539.721 KAP 1980 27/01/2014 C-1 Books
  Dewey Decimal Classification     Non-fiction Central Library, University of Rajshahi Central Library, University of Rajshahi   12/03/1986 Karim Int. 23.95   539.721 KAP 1980 11/05/2017 C-3 Books
  Dewey Decimal Classification     Non-fiction Central Library, University of Rajshahi Central Library, University of Rajshahi   12/03/1986 Karim Int. 23.95   539.721 KAP 1980 11/05/2017 C-4 Books
  Dewey Decimal Classification     Non-fiction Central Library, University of Rajshahi Central Library, University of Rajshahi   12/03/1986 Karim Int. 23.95   539.721 KAP 1980 11/05/2017 C-5 Books